[Event "GBR-ch 100th"]
[Site "Torquay"]
[Date "2013.08.07"]
[Round "9"]
[White "Emery, Keith"]
[Black "De Coverly, Roger"]
[Result "1-0"]
[WhiteElo "1906"]
[BlackElo "2036"]
[PlyCount "153"]
[EventDate "2013.07.29"]
[EventType "swiss"]
[EventRounds "11"]
[EventCountry "GBR"]
[Source "John Saunders"]
[SourceDate "2015.07.24"]

1. e4 e5 2. Nf3 Nc6 3. Bc4 Be7 4. Nc3 d6 5. h3 Nf6 6. d3 O-O 7. Nd5 Nxd5 8.
Bxd5 Bf6 9. Be3 Ne7 10. Bb3 d5 11. Bg5 Bxg5 12. Nxg5 c6 13. Qh5 h6 14. Nf3 Ng6
15. Nxe5 Nxe5 16. Qxe5 Re8 17. Qf4 Qe7 18. O-O dxe4 19. dxe4 Be6 20. Bxe6 Qxe6
21. Rfe1 Qc4 22. c3 Re7 23. f3 Rae8 24. Qd2 Re5 25. b3 Qc5+ 26. Qd4 a5 27. Qxc5
Rxc5 28. c4 b5 29. cxb5 cxb5 30. Rac1 Rec8 31. Rxc5 Rxc5 32. Kf2 a4 33. bxa4
bxa4 34. a3 Rc3 35. Re3 Rb3 36. f4 h5 37. Ke2 Rb2+ 38. Kf3 Rb3 39. g3 g6 40.
Ke2 Rb2+ 41. Kd3 Kf8 42. g4 hxg4 43. hxg4 Kg7 44. e5 Kf8 45. g5 Ke7 46. Kc3
Rb3+ 47. Kd4 Rb2 48. Rc3 Rf2 49. Ke3 Rb2 50. Ke4 Re2+ 51. Kd5 Ra2 52. Kc5 Ke6
53. Kb4 Rf2 54. Rc4 Kd5 55. Kb5 Rb2+ 56. Rb4 Rc2 57. Kxa4 Rc3 58. Rb5+ Kc6 59.
Kb4 Rc1 60. a4 Rb1+ 61. Ka5 Rf1 62. Rb6+ Kd7 63. Rf6 Ke7 64. Ka6 Rb1 65. a5 Rb4
66. Ka7 Rd4 67. a6 Rb4 68. Rb6 Rxf4 69. Kb7 Rd4 70. a7 Rd7+ 71. Ka6 Rd8 72. Rb8
Rd1 73. a8=Q Ra1+ 74. Kb7 Rxa8 75. Rxa8 Ke6 76. Ra6+ Kxe5 77. Rf6 1-0

[Event "GBR-ch 100th"]
[Site "Torquay"]
[Date "2013.08.07"]
[Round "9"]
[White "Foo, William"]
[Black "Kolbus, Dietmar"]
[Result "1/2-1/2"]
[WhiteElo "2090"]
[BlackElo "2288"]
[PlyCount "88"]
[EventDate "2013.07.29"]
[EventType "swiss"]
[EventRounds "11"]
[EventCountry "GBR"]
[Source "John Saunders"]
[SourceDate "2015.07.24"]

1. e4 Nf6 2. e5 Nd5 3. d4 d6 4. c4 Nb6 5. exd6 cxd6 6. Be3 Nc6 7. Nc3 Bf5 8.
Rc1 e5 9. d5 Nb8 10. a4 N8d7 11. a5 Nc8 12. b4 Be7 13. g3 O-O 14. Bg2 Bg5 15.
Bxg5 Qxg5 16. Nf3 Qd8 17. Nh4 Bg6 18. O-O b6 19. axb6 axb6 20. Nb5 Nf6 21. Nxg6
hxg6 22. Ra1 Rb8 23. Ra6 Ne8 24. Ra3 Nc7 25. Nxc7 Qxc7 26. Rc3 Rd8 27. f4 exf4
28. Rxf4 Re8 29. Rcf3 Re7 30. Bh3 Rb7 31. Qf1 Qd8 32. Be6 Qe8 33. Rh4 g5 34.
Rh5 g6 35. Rh6 fxe6 36. Rf8+ Qxf8 37. Rh8+ Kxh8 38. Qxf8+ Kh7 39. Qxc8 exd5 40.
cxd5 Rbc7 41. Qd8 g4 42. Qxd6 Rc1+ 43. Kf2 Rc2+ 44. Kf1 Rc1+ 1/2-1/2

[Event "GBR-ch 100th"]
[Site "Torquay"]
[Date "2013.08.07"]
[Round "9"]
[White "Gordon, Stephen J"]
[Black "Palliser, Richard"]
[Result "1/2-1/2"]
[WhiteElo "2521"]
[BlackElo "2453"]
[PlyCount "116"]
[EventDate "2013.07.29"]
[EventType "swiss"]
[EventRounds "11"]
[EventCountry "GBR"]
[Source "John Saunders"]
[SourceDate "2015.07.24"]

1. Nf3 c5 2. c4 Nc6 3. Nc3 e5 4. g3 g6 5. Bg2 Bg7 6. O-O Nge7 7. a3 O-O 8. Rb1
a5 9. Ne1 d6 10. Nc2 Be6 11. Ne3 Rb8 12. d3 Nd4 13. Ned5 Nxd5 14. cxd5 Bd7 15.
a4 b5 16. e3 b4 17. Ne4 Nf5 18. b3 Qc7 19. Bb2 Ne7 20. Nd2 f5 21. f4 exf4 22.
Bxg7 Kxg7 23. gxf4 Bc8 24. Qc2 Bb7 25. Qb2+ Kg8 26. e4 fxe4 27. dxe4 Ba6 28.
Rf2 Qd7 29. Bf1 Bxf1 30. Rbxf1 Rbe8 31. Nc4 Nc8 32. Qe2 Qh3 33. Nxa5 Nb6 34.
Kh1 Qc3 35. f5 gxf5 36. Rxf5 Rxf5 37. Qg4+ Qg7 38. Qxf5 Rf8 39. Qe6+ Kh8 40.
Rxf8+ Qxf8 41. Kg2 Qf4 42. Nc6 c4 43. a5 Qd2+ 44. Kf3 Qd1+ 45. Kf4 Qf1+ 46. Kg5
Qg1+ 47. Kf6 Qg7+ 48. Kf5 Qf8+ 49. Kg5 cxb3 50. Ne5 dxe5 51. Qxe5+ Qg7+ 52.
Qxg7+ Kxg7 53. axb6 b2 54. b7 b1=Q 55. b8=Q Qxe4 56. Qc7+ Kf8 57. d6 Qe5+ 58.
Kg4 Qe4+ 1/2-1/2

[Event "GBR-ch 100th"]
[Site "Torquay"]
[Date "2013.08.07"]
[Round "9"]
[White "Graham, David Bruce"]
[Black "Walker, Samuel"]
[Result "1/2-1/2"]
[WhiteElo "2165"]
[BlackElo "1978"]
[PlyCount "70"]
[EventDate "2013.07.29"]
[EventType "swiss"]
[EventRounds "11"]
[EventCountry "GBR"]
[Source "John Saunders"]
[SourceDate "2015.07.24"]

1. e4 c5 2. Nc3 g6 3. f4 Bg7 4. Nf3 Nc6 5. Bc4 e6 6. d3 Nge7 7. O-O d5 8. Bb3
Nd4 9. Nxd4 cxd4 10. Ne2 dxe4 11. dxe4 O-O 12. e5 Nc6 13. Ng3 Na5 14. Qd3 Nxb3
15. axb3 f6 16. Re1 Qd5 17. Qc4 Rd8 18. Qxd5 Rxd5 19. exf6 Bxf6 20. Ne4 Bg7 21.
Bd2 b6 22. c3 e5 23. fxe5 Bxe5 24. Ng5 dxc3 25. bxc3 Rxd2 26. Rxe5 Bb7 27. Ne4
Bxe4 28. Rxe4 Rf8 29. b4 a5 30. bxa5 bxa5 31. h3 Rff2 32. Rg4 Ra2 33. Rxa2 Rxa2
34. Rc4 Rc2 35. Ra4 Rxc3 1/2-1/2

[Event "GBR-ch 100th"]
[Site "Torquay"]
[Date "2013.08.07"]
[Round "9"]
[White "Haria, Ravi"]
[Black "Eames, Robert"]
[Result "1-0"]
[WhiteElo "2133"]
[BlackElo "2244"]
[PlyCount "57"]
[EventDate "2013.07.29"]
[EventType "swiss"]
[EventRounds "11"]
[EventCountry "GBR"]
[Source "John Saunders"]
[SourceDate "2015.07.24"]

1. e4 c5 2. Nf3 d6 3. Bb5+ Bd7 4. Bxd7+ Qxd7 5. c4 Nf6 6. Nc3 g6 7. O-O Bg7 8.
d4 cxd4 9. Nxd4 O-O 10. f3 Rc8 11. b3 d5 12. exd5 Nxd5 13. Nxd5 e6 14. Be3 exd5
15. cxd5 Qxd5 16. Qd2 Nd7 17. Rad1 Ne5 18. Qe2 Qa5 19. Nb5 Qa6 20. f4 Nc6 21.
a4 Nb4 22. Rd6 Rc6 23. Rfd1 Re8 24. Qf2 Nc2 25. Rd8 Rce6 26. Rxe8+ Rxe8 27.
Qxc2 Rxe3 28. Rd8+ Bf8 29. Qc5 1-0

[Event "GBR-ch 100th"]
[Site "Torquay"]
[Date "2013.08.07"]
[Round "9"]
[White "Harvey, Marcus Ross"]
[Black "Broadley, Henry"]
[Result "1-0"]
[WhiteElo "2202"]
[BlackElo "1953"]
[PlyCount "79"]
[EventDate "2013.07.29"]
[EventType "swiss"]
[EventRounds "11"]
[EventCountry "GBR"]
[Source "John Saunders"]
[SourceDate "2015.07.24"]

1. g3 Nf6 2. Bg2 d5 3. Nf3 g6 4. c4 Bg7 5. cxd5 Nxd5 6. Nc3 Nb6 7. O-O Nc6 8.
a4 a5 9. d3 Nb4 10. Be3 N6d5 11. Bd4 Bxd4 12. Nxd4 Nf4 13. gxf4 Qxd4 14. Nb5
Qb6 15. Rc1 c6 16. Na3 O-O 17. d4 Rd8 18. e3 Be6 19. Nc4 Qa6 20. Nd2 Rac8 21.
Ne4 b6 22. Qf3 Rc7 23. Ng5 Qc8 24. Qg3 f5 25. Qh4 h5 26. Nf3 Bf7 27. Ne5 Qe6
28. Bf3 Qf6 29. Qg3 Kh7 30. h4 Rcc8 31. Kh2 c5 32. dxc5 Rxc5 33. Rcd1 Nd5 34.
Rg1 Rd6 35. Kh3 b5 36. b3 bxa4 37. bxa4 Nc3 38. Nd7 Rxd7 39. Rxd7 Be6 40. Rxe7+
1-0

[Event "GBR-ch 100th"]
[Site "Torquay"]
[Date "2013.08.07"]
[Round "9"]
[White "Hawkins, Jonathan"]
[Black "Storey, Charles"]
[Result "1-0"]
[WhiteElo "2517"]
[BlackElo "2214"]
[PlyCount "93"]
[EventDate "2013.07.29"]
[EventType "swiss"]
[EventRounds "11"]
[EventCountry "GBR"]
[Source "John Saunders"]
[SourceDate "2015.07.24"]

1. e4 g6 2. d4 Bg7 3. Nc3 c5 4. dxc5 Bxc3+ 5. bxc3 Qa5 6. Qd4 Nf6 7. Qb4 Nc6 8.
Qxa5 Nxa5 9. Bd3 b6 10. Ba3 Bb7 11. f3 bxc5 12. Bxc5 d6 13. Be3 O-O 14. Ne2
Rfc8 15. Rb1 Bc6 16. O-O e5 17. Ba6 Rc7 18. c4 Ba4 19. c5 dxc5 20. Nc3 Bc6 21.
Rfd1 Nd7 22. Nd5 Bxd5 23. exd5 Nb6 24. d6 Rd7 25. Bb5 Rc8 26. Bxd7 Nxd7 27. Rb5
Nc4 28. Kf2 Ncb6 29. a4 Nxa4 30. Rb7 Nab6 31. Rxa7 Kf8 32. Rc7 Ke8 33. Ra1 Kd8
34. Rxc8+ Nxc8 35. Ra8 Ndb6 36. Ra6 Kd7 37. Bxc5 Nc4 38. Ke2 f5 39. Kd3 N4xd6
40. Bxd6 Nxd6 41. Ra7+ Ke6 42. Rxh7 e4+ 43. fxe4 fxe4+ 44. Kd4 Kf5 45. Kd5 Ne8
46. Rf7+ Kg4 47. Rf8 1-0

[Event "GBR-ch 100th"]
[Site "Torquay"]
[Date "2013.08.07"]
[Round "9"]
[White "Howell, Christopher"]
[Black "Hoare, Amy B"]
[Result "1-0"]
[WhiteElo "2055"]
[BlackElo "1873"]
[PlyCount "77"]
[EventDate "2013.07.29"]
[EventType "swiss"]
[EventRounds "11"]
[EventCountry "GBR"]
[Source "John Saunders"]
[SourceDate "2015.07.24"]

1. e4 e5 2. f4 exf4 3. Nf3 g5 4. Bc4 Bg7 5. O-O h6 6. d4 d6 7. c3 Nc6 8. b4 Bd7
9. Qb3 Qe7 10. a4 g4 11. d5 Ne5 12. Nxe5 dxe5 13. Ba3 Qf6 14. Ra2 Ne7 15. b5 h5
16. Rd2 Nc8 17. d6 cxd6 18. Rfd1 Bf8 19. Bd5 Rb8 20. a5 f3 21. Qc4 Bh6 22. Rd3
O-O 23. Qc7 Bxb5 24. c4 Ba4 25. Rf1 Bc2 26. Rc3 Bxb1 27. Qxb8 Bd2 28. Rcxf3
gxf3 29. Rxf3 Qe7 30. Rg3+ Kh7 31. Bxb7 Qd8 32. Bxc8 Qxc8 33. Qxd6 Bh6 34. Qxe5
Re8 35. Qxh5 Qxc4 36. Qf5+ Kh8 37. Bb2+ Bg7 38. Bxg7+ Kg8 39. Bh6+ 1-0

[Event "GBR-ch 100th"]
[Site "Torquay"]
[Date "2013.08.07"]
[Round "9"]
[White "Howell, David"]
[Black "Gormally, Daniel"]
[Result "1-0"]
[WhiteElo "2639"]
[BlackElo "2496"]
[PlyCount "87"]
[EventDate "2013.07.29"]
[EventType "swiss"]
[EventRounds "11"]
[EventCountry "GBR"]
[Source "John Saunders"]
[SourceDate "2015.07.24"]

1. c4 Nf6 2. Nc3 g6 3. e4 e5 4. Nf3 Nc6 5. d4 exd4 6. Nxd4 Bg7 7. Nc2 O-O 8.
Be2 Re8 9. f3 d6 10. O-O Ne5 11. Be3 c6 12. Qe1 Qe7 13. Rd1 a6 14. Qd2 Be6 15.
b3 b5 16. cxb5 axb5 17. Qxd6 Qxd6 18. Rxd6 Bf8 19. Rd2 b4 20. Na4 Nc4 21. Bxc4
Bxc4 22. Rc1 Bb5 23. Nd4 Bxa4 24. bxa4 Nxe4 25. fxe4 Rxe4 26. Kf2 Rxa4 27. Rxc6
Rxe3 28. Kxe3 Bh6+ 29. Kd3 Bxd2 30. Kxd2 Rxa2+ 31. Rc2 Rxc2+ 32. Nxc2 b3 33.
Nd4 b2 34. Kc2 Kg7 35. Kxb2 Kf6 36. Kc3 Ke5 37. Kd3 f5 38. Nf3+ Kf4 39. Ke2 g5
40. Kf2 Kg4 41. Ke3 Kh5 42. Ne5 Kh4 43. Kf3 h5 44. Ng6# 1-0

[Event "GBR-ch 100th"]
[Site "Torquay"]
[Date "2013.08.07"]
[Round "9"]
[White "Jackson, Oliver"]
[Black "Oyama, Akito"]
[Result "1/2-1/2"]
[WhiteElo "2207"]
[BlackElo "1966"]
[PlyCount "71"]
[EventDate "2013.07.29"]
[EventType "swiss"]
[EventRounds "11"]
[EventCountry "GBR"]
[Source "John Saunders"]
[SourceDate "2015.07.24"]

1. e4 c5 2. Nc3 Nc6 3. f4 g6 4. Nf3 Bg7 5. Bb5 Nd4 6. O-O Nxb5 7. Nxb5 d5 8.
exd5 a6 9. Nc3 Nf6 10. d4 c4 11. Ne5 Nxd5 12. Qe2 Nxc3 13. bxc3 Be6 14. f5 gxf5
15. Bg5 Qd5 16. Rae1 Bxe5 17. dxe5 Qc5+ 18. Be3 Qc6 19. Rd1 Rg8 20. Qd2 Rg6 21.
g3 f6 22. exf6 Rxf6 23. Rf4 h5 24. Qe2 Bf7 25. Bd4 Re6 26. Qf2 Bg6 27. Bc5 b6
28. Be3 Rd8 29. Bd4 Rd5 30. Rf1 b5 31. h3 Kd7 32. Qf3 Red6 33. Re1 Re6 34. Rf1
Rdd6 35. Qf2 Rd5 36. Qf3 1/2-1/2

[Event "GBR-ch 100th"]
[Site "Torquay"]
[Date "2013.08.07"]
[Round "9"]
[White "Kalaiyalahan, Akshaya"]
[Black "Martin, Lewis"]
[Result "1-0"]
[WhiteElo "1920"]
[BlackElo "2043"]
[PlyCount "51"]
[EventDate "2013.07.29"]
[EventType "swiss"]
[EventRounds "11"]
[EventCountry "GBR"]
[Source "John Saunders"]
[SourceDate "2015.07.24"]

1. d4 Nf6 2. Nf3 g6 3. g3 Bg7 4. Bg2 d5 5. c4 dxc4 6. Qa4+ c6 7. Qxc4 O-O 8.
O-O Be6 9. Qa4 Nbd7 10. Nc3 b5 11. Qd1 b4 12. Na4 Bd5 13. Bd2 Rb8 14. Bf4 Rb5
15. Rc1 Nh5 16. Be3 f5 17. b3 f4 18. Bxf4 Nxf4 19. gxf4 Rxf4 20. e3 Rf8 21. Qe2
e5 22. e4 exd4 23. exd5 Rxd5 24. Rxc6 Rh5 25. Qe6+ Kh8 26. Rd6 1-0

[Event "GBR-ch 100th"]
[Site "Torquay"]
[Date "2013.08.07"]
[Round "9"]
[White "Kirby, Peter J"]
[Black "Burke, Mitchell R"]
[Result "1/2-1/2"]
[WhiteElo "1982"]
[BlackElo "1971"]
[PlyCount "51"]
[EventDate "2013.07.29"]
[EventType "swiss"]
[EventRounds "11"]
[EventCountry "GBR"]
[Source "John Saunders"]
[SourceDate "2015.07.24"]

1. c4 e5 2. g3 Nc6 3. Nc3 f5 4. Nf3 Nf6 5. d4 e4 6. Nh4 d6 7. Bh3 g6 8. Bg5 Bg7
9. Nd5 O-O 10. Qd2 Bd7 11. O-O Ne7 12. Nxf6+ Bxf6 13. Bxf6 Rxf6 14. f4 c6 15.
Ng2 b5 16. cxb5 cxb5 17. Ne3 Qb6 18. Rfc1 Rff8 19. Rc2 Be6 20. b3 Rfc8 21. Rac1
Rxc2 22. Rxc2 a5 23. Bf1 a4 24. b4 Kf7 25. Kg2 Qb7 26. Kf2 1/2-1/2

[Event "GBR-ch 100th"]
[Site "Torquay"]
[Date "2013.08.07"]
[Round "9"]
[White "Lenier, Jude"]
[Black "Freeman, Richard"]
[Result "1-0"]
[WhiteElo "2119"]
[BlackElo "2030"]
[PlyCount "51"]
[EventDate "2013.07.29"]
[EventType "swiss"]
[EventRounds "11"]
[EventCountry "GBR"]
[Source "John Saunders"]
[SourceDate "2015.07.24"]

1. e4 c5 2. Nf3 Nf6 3. Nc3 d5 4. exd5 Nxd5 5. Bb5+ Bd7 6. Qe2 Nxc3 7. dxc3 e6
8. Ne5 Bxb5 9. Qxb5+ Nd7 10. Bg5 a6 11. Qa4 Qc8 12. O-O-O b5 13. Qe4 Nf6 14.
Bxf6 gxf6 15. Nd7 Bh6+ 16. Kb1 Ra7 17. Nxf6+ Kf8 18. Qe5 Bg7 19. Qd6+ Re7 20.
Qd8+ Re8 21. Nxe8 Qxd8 22. Rxd8 Ke7 23. Rhd1 Rxe8 24. R1d7+ Kf8 25. Rxe8+ Kxe8
26. Ra7 1-0

[Event "GBR-ch 100th"]
[Site "Torquay"]
[Date "2013.08.07"]
[Round "9"]
[White "Meszaros, Gyula"]
[Black "Williams, Simon Kim"]
[Result "1-0"]
[WhiteElo "2255"]
[BlackElo "2481"]
[PlyCount "79"]
[EventDate "2013.07.29"]
[EventType "swiss"]
[EventRounds "11"]
[EventCountry "GBR"]
[Source "John Saunders"]
[SourceDate "2015.07.24"]

1. d4 d5 2. Nf3 c6 3. c3 e6 4. Nbd2 f5 5. Ne5 Nf6 6. Ndf3 Be7 7. Bf4 O-O 8. e3
c5 9. Bd3 Nbd7 10. h4 Qe8 11. Qe2 Qh5 12. O-O-O c4 13. Bc2 Nxe5 14. dxe5 Ne4
15. g4 fxg4 16. Ng5 b5 17. Nxe4 dxe4 18. Bxe4 Rb8 19. Rhg1 Kh8 20. Rxg4 Qe8 21.
Rdg1 Rf7 22. Bxh7 Kxh7 23. Rg6 Qh8 24. Qh5+ Kg8 25. Rh6 Qxh6 26. Bxh6 Bf8 27.
Qg6 b4 28. cxb4 Rxb4 29. Rd1 Bd7 30. h5 c3 31. bxc3 Rb6 32. Bf4 Ba3+ 33. Kd2
Ba4 34. Ra1 Rd7+ 35. Ke2 Bc6 36. Qxe6+ Kh8 37. Qe8+ Kh7 38. Qg6+ Kh8 39. Rb1
Bb2 40. Qe8+ 1-0

[Event "GBR-ch 100th"]
[Site "Torquay"]
[Date "2013.08.07"]
[Round "9"]
[White "Murphy, Hugh"]
[Black "McCullough, Simon L"]
[Result "1-0"]
[WhiteElo "2170"]
[BlackElo "2076"]
[PlyCount "53"]
[EventDate "2013.07.29"]
[EventType "swiss"]
[EventRounds "11"]
[EventCountry "GBR"]
[Source "John Saunders"]
[SourceDate "2015.07.24"]

1. e4 c5 2. f4 g6 3. d4 Bg7 4. d5 d6 5. Nc3 Nf6 6. Bb5+ Nfd7 7. a4 a6 8. Bxd7+
Nxd7 9. Nf3 O-O 10. O-O Rb8 11. a5 b5 12. axb6 Nxb6 13. Qe2 e6 14. dxe6 fxe6
15. e5 d5 16. Qf2 Qc7 17. Qh4 Rf5 18. Ng5 h6 19. Nf3 Bf8 20. Qg4 Rf7 21. Qxg6+
Rg7 22. Qh5 Bb7 23. f5 d4 24. f6 dxc3 25. fxg7 Qxg7 26. bxc3 Nd5 27. Ra4 1-0

[Event "GBR-ch 100th"]
[Site "Torquay"]
[Date "2013.08.07"]
[Round "9"]
[White "Purdon, Colin"]
[Black "Fernandez, Daniel Howard"]
[Result "0-1"]
[WhiteElo "2140"]
[BlackElo "2346"]
[PlyCount "66"]
[EventDate "2013.07.29"]
[EventType "swiss"]
[EventRounds "11"]
[EventCountry "GBR"]
[Source "John Saunders"]
[SourceDate "2015.07.24"]

1. d4 b5 2. e4 Bb7 3. Bd3 e6 4. Nf3 c5 5. c3 a6 6. O-O Nf6 7. Nbd2 d5 8. e5
Nfd7 9. a4 c4 10. Bc2 Nc6 11. Re1 Nb6 12. a5 Nd7 13. b4 Nxb4 14. cxb4 Bxb4 15.
Ba3 Qxa5 16. Bxb4 Qxb4 17. Ng5 h6 18. Qh5 hxg5 19. Qxh8+ Ke7 20. Qxg7 Qxd2 21.
Bg6 Rf8 22. Rad1 Qf4 23. Re3 g4 24. h4 gxh3 25. Bh5 hxg2 26. Kxg2 Kd8 27. Rf3
Qe4 28. Bxf7 Kc7 29. Rh1 c3 30. Qg6 Qxd4 31. Qxe6 Qxe5 32. Qxe5+ Nxe5 33. Rxc3+
Kb8 0-1

[Event "GBR-ch 100th"]
[Site "Torquay"]
[Date "2013.08.07"]
[Round "9"]
[White "Reid, John"]
[Black "Friedland, Jon S"]
[Result "1-0"]
[WhiteElo "2151"]
[BlackElo "2093"]
[PlyCount "77"]
[EventDate "2013.07.29"]
[EventType "swiss"]
[EventRounds "11"]
[EventCountry "GBR"]
[Source "John Saunders"]
[SourceDate "2015.07.24"]

1. d4 Nf6 2. c4 g6 3. Nc3 Bg7 4. e4 d6 5. Nf3 O-O 6. h3 e5 7. d5 a5 8. Bg5 Na6
9. Be2 Qe8 10. g4 Nd7 11. Rg1 Ndc5 12. Qd2 Bd7 13. h4 c6 14. Nh2 Rb8 15. f3 Kh8
16. h5 f5 17. hxg6 fxe4 18. fxe4 Qxg6 19. Qe3 cxd5 20. cxd5 b5 21. Nf3 b4 22.
Nh4 Qe8 23. Nd1 Nc7 24. Nf5 Bxf5 25. gxf5 Nb5 26. Bh6 Bxh6 27. Qxh6 Qe7 28.
Bxb5 Rxb5 29. Nf2 Rb7 30. O-O-O Qf6 31. Rg6 Qf7 32. Rdg1 Rc7 33. Kb1 Nxe4 34.
Rg7 Qxf5 35. Rxc7 Nxf2+ 36. Ka1 Rf7 37. Rxf7 Qxf7 38. Qxd6 Ng4 39. Qd8+ 1-0

[Event "GBR-ch 100th"]
[Site "Torquay"]
[Date "2013.08.07"]
[Round "9"]
[White "Rudd, Jack"]
[Black "Balaji, Ananthanarayanan"]
[Result "1-0"]
[WhiteElo "2280"]
[BlackElo "1946"]
[PlyCount "63"]
[EventDate "2013.07.29"]
[EventType "swiss"]
[EventRounds "11"]
[EventCountry "GBR"]
[Source "John Saunders"]
[SourceDate "2015.07.24"]

1. e4 e5 2. d4 exd4 3. Qxd4 Nc6 4. Qe3 Nf6 5. Nc3 Bb4 6. Bd2 O-O 7. O-O-O Re8
8. Bc4 d6 9. f3 Ne5 10. Bb3 Bc5 11. Qe1 a5 12. Nge2 Bd7 13. a3 b5 14. Bg5 b4
15. Nd5 bxa3 16. Bxf6 axb2+ 17. Kb1 gxf6 18. Qh4 Re6 19. Nef4 Ng6 20. Nxe6 fxe6
21. Qxf6 Qc8 22. h4 a4 23. Ba2 Qb7 24. h5 Rf8 25. hxg6 Rxf6 26. Nxf6+ Kg7 27.
gxh7 Kh8 28. Nxd7 Qb5 29. Bxe6 a3 30. Ne5 a2+ 31. Bxa2 Qe8 32. Nf7+ 1-0

[Event "GBR-ch 100th"]
[Site "Torquay"]
[Date "2013.08.07"]
[Round "9"]
[White "Scott, Gordon W"]
[Black "Smith, Andrew Philip"]
[Result "0-1"]
[WhiteElo "2039"]
[BlackElo "2110"]
[PlyCount "104"]
[EventDate "2013.07.29"]
[EventType "swiss"]
[EventRounds "11"]
[EventCountry "GBR"]
[Source "John Saunders"]
[SourceDate "2015.07.24"]

1. d4 Nf6 2. c4 c5 3. d5 g6 4. Nc3 Bg7 5. Nf3 O-O 6. g3 e6 7. Bg2 exd5 8. cxd5
d6 9. O-O a6 10. a4 Re8 11. Nd2 Nbd7 12. Nc4 Ne5 13. Na3 Neg4 14. h3 Nh6 15.
Nc4 Nf5 16. e4 Nd4 17. Bf4 Bf8 18. Be3 Bg7 19. f4 Rb8 20. a5 Qe7 21. Re1 Nd7
22. Na4 Qf8 23. Bf2 f5 24. Nc3 b5 25. axb6 Nxb6 26. Na5 Nd7 27. Nc6 Rxb2 28.
Nxd4 Rxf2 29. Ne6 Rxe6 30. Kxf2 Bd4+ 31. Kf1 Re8 32. Rc1 Nf6 33. exf5 Rxe1+ 34.
Qxe1 Bxf5 35. Qd2 Qh6 36. g4 Bxg4 37. hxg4 Nxg4 38. Re1 Qh2 39. Ke2 Ne3 40. Kd3
Nxg2 41. Re4 Qh3+ 42. Kc2 Ne3+ 43. Kb3 Nxd5 44. Re8+ Kf7 45. Rb8 Qxc3+ 46. Qxc3
Nxc3 47. Rb7+ Kf6 48. Rxh7 Ne2 49. Rh4 Kf5 50. Kc4 Nxf4 51. Rh7 g5 52. Rf7+ Ke4
0-1

[Event "GBR-ch 100th"]
[Site "Torquay"]
[Date "2013.08.07"]
[Round "9"]
[White "Shaw, Peter"]
[Black "Henderson, David"]
[Result "1/2-1/2"]
[WhiteElo "2164"]
[BlackElo "2053"]
[PlyCount "42"]
[EventDate "2013.07.29"]
[EventType "swiss"]
[EventRounds "11"]
[EventCountry "GBR"]
[Source "John Saunders"]
[SourceDate "2015.07.24"]

1. d4 d5 2. c4 e6 3. Nc3 Nf6 4. Bg5 Be7 5. e3 Nbd7 6. Nf3 O-O 7. Rc1 c6 8. a3
dxc4 9. Bxc4 Nd5 10. Bxe7 Qxe7 11. O-O Nxc3 12. Rxc3 e5 13. Qc2 exd4 14. exd4
Qf6 15. Re1 Nb6 16. Ba2 Bf5 17. Qd2 Rad8 18. Ne5 Bg6 19. h3 Qd6 20. Nxg6 hxg6
21. Rd3 Nd5 1/2-1/2

[Event "GBR-ch 100th"]
[Site "Torquay"]
[Date "2013.08.07"]
[Round "9"]
[White "Stewart, Ashley"]
[Black "Coates, David H"]
[Result "1-0"]
[WhiteElo "2053"]
[BlackElo "2046"]
[PlyCount "119"]
[EventDate "2013.07.29"]
[EventType "swiss"]
[EventRounds "11"]
[EventCountry "GBR"]
[Source "John Saunders"]
[SourceDate "2015.07.24"]

1. c4 c5 2. g3 Nc6 3. Bg2 g6 4. Nc3 Bg7 5. Nf3 e5 6. O-O Nge7 7. a3 O-O 8. Rb1
a5 9. Ne1 d6 10. Nc2 Be6 11. Ne3 Rb8 12. d3 f5 13. Ned5 h6 14. Bd2 Kh7 15. b4
axb4 16. axb4 b6 17. b5 Bxd5 18. Nxd5 Nxd5 19. Bxd5 Ne7 20. Bg2 d5 21. Qc2 Qd7
22. Ra1 Rfd8 23. Ra6 dxc4 24. Qxc4 Nc8 25. Bc6 Qe7 26. Be3 Nd6 27. Qa4 Qf6 28.
Ra7 g5 29. Rc7 Kh8 30. Qa7 Rf8 31. Rd7 f4 32. Bd2 fxg3 33. hxg3 Nf5 34. Kg2 Nd4
35. Bc3 Nxc6 36. bxc6 Qxc6+ 37. f3 Ra8 38. Qb7 Qxb7 39. Rxb7 Ra2 40. Kf2 Rd8
41. Ke3 Ra3 42. Rc1 Rb3 43. Ke4 b5 44. Bxe5 Bxe5 45. Kxe5 Re8+ 46. Kf6 Ra3 47.
Rxc5 Ra6+ 48. Kf5 Rf8+ 49. Kg4 Re6 50. e4 Ref6 51. Rcc7 Rd8 52. Rxb5 Kg8 53.
Rd5 Rxd5 54. exd5 Rd6 55. Rc5 Kf7 56. d4 Ra6 57. Rc7+ Kg8 58. Kh5 Rd6 59. Rc5
Kf7 60. Rb5 1-0

[Event "GBR-ch 100th"]
[Site "Torquay"]
[Date "2013.08.07"]
[Round "9"]
[White "Surtees, Michael"]
[Black "Tavares, Shawn P"]
[Result "0-1"]
[WhiteElo "2106"]
[BlackElo "2178"]
[PlyCount "82"]
[EventDate "2013.07.29"]
[EventType "swiss"]
[EventRounds "11"]
[EventCountry "GBR"]
[Source "John Saunders"]
[SourceDate "2015.07.24"]

1. e4 e6 2. f4 c5 3. Qe2 b6 4. Nf3 Nc6 5. g3 a5 6. c4 Nd4 7. Nxd4 cxd4 8. d3
Bb7 9. Bg2 Bc5 10. O-O Ne7 11. Nd2 Qc7 12. a3 O-O 13. b3 f5 14. Rb1 fxe4 15.
Nxe4 Nf5 16. Qb2 Be7 17. Bd2 d5 18. cxd5 Bxd5 19. Nf2 Bxg2 20. Kxg2 Qb7+ 21.
Ne4 Qa6 22. Rf3 Rfc8 23. Rc1 Rxc1 24. Bxc1 Rc8 25. Kf1 Rc6 26. Ke2 Qc8 27. Kd1
Qa6 28. Ke2 Qc8 29. Kd1 h5 30. h3 Qa6 31. Ke2 Qc8 32. Kd1 b5 33. g4 hxg4 34.
hxg4 Nh6 35. Bd2 e5 36. Rg3 Bh4 37. Rg2 Nxg4 38. fxe5 Qf5 39. Ke2 Nxe5 40. Nf2
Bxf2 41. Rxf2 Qxf2+ 0-1

[Event "GBR-ch 100th"]
[Site "Torquay"]
[Date "2013.08.07"]
[Round "9"]
[White "Thorpe, Thomas"]
[Black "Owens, Megan R"]
[Result "1/2-1/2"]
[WhiteElo "1875"]
[BlackElo "1852"]
[PlyCount "57"]
[EventDate "2013.07.29"]
[EventType "swiss"]
[EventRounds "11"]
[EventCountry "GBR"]
[Source "John Saunders"]
[SourceDate "2015.07.24"]

1. e4 c5 2. Nc3 Nc6 3. f4 g6 4. Nf3 Bg7 5. Bb5 Nd4 6. O-O Nxb5 7. Nxb5 d6 8. d3
Nf6 9. Qe1 Bd7 10. Nc3 Bc6 11. e5 Ng4 12. e6 Bxf3 13. exf7+ Kxf7 14. Rxf3 e6
15. Ne4 h6 16. Qg3 Nf6 17. f5 exf5 18. Nxd6+ Kg8 19. Nxb7 Qd4+ 20. Kf1 Ng4 21.
c3 Qd5 22. Na5 Ne5 23. Rf2 Re8 24. Bf4 Qxd3+ 25. Qxd3 Nxd3 26. Rf3 Nxf4 27.
Rxf4 Bf8 28. Nc4 Rh7 29. Rd1 1/2-1/2

[Event "GBR-ch 100th"]
[Site "Torquay"]
[Date "2013.08.07"]
[Round "9"]
[White "Wadsworth, Matthew J"]
[Black "Mason, Donald"]
[Result "1-0"]
[WhiteElo "2136"]
[BlackElo "2204"]
[PlyCount "85"]
[EventDate "2013.07.29"]
[EventType "swiss"]
[EventRounds "11"]
[EventCountry "GBR"]
[Source "John Saunders"]
[SourceDate "2015.07.24"]

1. e4 e6 2. d4 d5 3. Nd2 Nf6 4. e5 Nfd7 5. Bd3 c5 6. c3 Nc6 7. Ne2 cxd4 8. cxd4
f6 9. exf6 Nxf6 10. Nf3 Bd6 11. O-O Qc7 12. Bg5 O-O 13. Bh4 Nh5 14. Qc2 h6 15.
Bh7+ Kh8 16. Bg6 Rxf3 17. Bxh5 Bxh2+ 18. Kh1 Rf5 19. Bg6 Bd6 20. Bxf5 exf5 21.
Rae1 Bd7 22. Nc3 Rf8 23. Nxd5 Qa5 24. Nc3 Qb4 25. f4 g5 26. Bf2 Bxf4 27. Nd5
Qd2 28. Qxd2 Bxd2 29. Re2 Ba5 30. Ne7 Kg7 31. d5 Nd8 32. Bd4+ Kh7 33. Rc1 Nf7
34. b4 Bd8 35. Nc8 Bxc8 36. Rxc8 b6 37. Bf6 Nd6 38. Rxd8 Rxf6 39. Re6 Ne4 40.
Rxf6 Nxf6 41. d6 Kg7 42. d7 Kf7 43. Rf8+ 1-0